|
|
|
|
| LEADER |
00720nam a2200217Ia 4500 |
| 001 |
CTU_218172 |
| 008 |
210402s9999 xx 000 0 und d |
| 020 |
|
|
|c 49.90
|
| 082 |
|
|
|a 895.92233
|
| 082 |
|
|
|b N312
|
| 100 |
|
|
|a Bao, Ninh
|
| 245 |
|
4 |
|a The sorrow of war :
|
| 245 |
|
2 |
|b A novel of North Vietnam
|
| 245 |
|
0 |
|c Bao Ninh ; English version by Frank Palmos based on the translation from the Vietnamese by Vo Bang Thanh and Phan Thanh Hao, wirh Katerina Pierce
|
| 260 |
|
|
|a London
|
| 260 |
|
|
|b Secker and Warburg
|
| 260 |
|
|
|c 1993
|
| 650 |
|
|
|a Vietnam War, 1961-1975
|
| 650 |
|
|
|x Chiến tranh Việt Nam, 1961 - 1975
|
| 904 |
|
|
|i Nguyên
|
| 980 |
|
|
|a Trung tâm Học liệu Trường Đại học Cần Thơ
|